Libro de las ninfas / (Record no. 185606)

MARC details
000 -LEADER
campo de control de longitud fija 01030nam a2200289 i 4500
001 - NÚMERO DE CONTROL
campo de control 185606
003 - IDENTIFICADOR DE NÚMERO DE CONTROL
campo de control SpMaBN
005 - FECHA Y HORA DE LA ÚLTIMA TRANSACCIÓN
campo de control 20250803093547.0
008 - DATOS DE LONGITUD FIJA--INFORMACIÓN GENERAL
campo de control de longitud fija 160726s1991 sp c |||| | spa d
020 ## - NÚMERO INTERNACIONAL ESTÁNDAR DEL LIBRO
Número Internacional Estándar del Libro 84-7720-194-3
080 ## - NÚMERO DE LA CLASIFICACIÓN DECIMAL UNIVERSAL
Número de la Clasificación Decimal Universal 398.4(02)"15"
100 0# - ENTRADA PRINCIPAL--NOMBRE DE PERSONA
Nombre de persona Paracelsus.
9 (RLIN) 88902
245 10 - MENCIÓN DEL TÍTULO
Título Libro de las ninfas /
Mención de responsabilidad, etc. Paracelso ; [traducción y edición, Pedro Gálvez].
250 ## - MENCION DE EDICION
Mención de edición 3ª ed.
260 ## - PUBLICACIÓN, DISTRIBUCIÓN, ETC.
Lugar de publicación, distribución, etc. Barcelona :
Nombre del editor, distribuidor, etc. Obelisco,
Fecha de publicación, distribución, etc. 1991.
300 ## - DESCRIPCIÓN FÍSICA
Extensión 111, [5] p. :
Otras características físicas 2 retr. ;
Dimensiones 21 cm.
490 1# - MENCIÓN DE SERIE
Mención de serie Tradición hermética
504 ## - NOTA DE BIBLIOGRAFÍA, ETC.
Nota de bibliografía, etc. Bibliografía: p. 107-108.
546 ## - NOTA DE IDIOMA
Nota de lengua/lenguaje Texto alemán y traducción al español.
650 07 - PUNTO DE ACCESO ADICIONAL DE MATERIA--TÉRMINO DE MATERIA
Término de materia o nombre geográfico como elemento de entrada Seres fabulosos.
9 (RLIN) 160207
650 07 - PUNTO DE ACCESO ADICIONAL DE MATERIA--TÉRMINO DE MATERIA
Término de materia o nombre geográfico como elemento de entrada Curiosidades y maravillas
Fuente del encabezamiento o término embne
9 (RLIN) 11529
700 1# - ENTRADA AGREGADA--NOMBRE PERSONAL
Nombre de persona Gálvez, Pedro,
Fechas asociadas al nombre 1940-
9 (RLIN) 53711
740 32 - ENTRADA AGREGADA--TÍTULO RELACIONADO/ANALÍTICO NO CONTROLADO
Título relacionado o analítico no controlado El libro de las ninfas, los silfos, los pigmeos, las salamandras y los demás espíritus.
830 0# - PUNTO DE ACCESO ADICIONAL DE SERIE-TÍTULO UNIFORME
Título uniforme Tradición hermética
9 (RLIN) 225255
852 ## - LOCALIZACIÓN
Ubicación ES-MaACL
Número de control de estantería L-30480
Nota libre . - Donat. Miguel A. Velasco
Holdings
Estatus retirado Estado de pérdida Estado de daño No para préstamo Biblioteca de origen Biblioteca actual Ubicación en estantería Fecha de adquisición Fuente de adquisición Total de préstamos Signatura topográfica completa Código de barras Visto por última vez Precio de reemplazo Tipo de ítem Koha
        Biblioteca del Ateneo de Madrid Biblioteca del Ateneo de Madrid Depósito 2 26/07/2016     L-30480 1195644 23/02/2023 23/02/2023 Libro impreso